| 000 | 00645nam a2200181Ia 4500 | ||
|---|---|---|---|
| 008 | 170725s9999 xx 000 0 und d | ||
| 100 | _aLina Garcés | ||
| 245 | _aQuality attributes and quality models for ambient assisted living software systems: A systematic mapping | ||
| 245 | _cLina Garcés, Apostolos Ampatzoglou, Paris Avgeriou, Elisa Yumi Nakagawa | ||
| 260 | _c2017 | ||
| 300 | _apages 121-138, February | ||
| 440 |
_aInformation and software technology _v82: |
||
| 500 | _aCJ0029 | ||
| 650 | _a Systematic mapping; ISO/IEC 25010 | ||
| 650 | _aAmbient assisted living | ||
| 650 | _aQuality attribute | ||
| 650 | _aQuality model | ||
| 999 |
_c340890 _d340890 |
||